| 000 | 01126nam a22002537a 4500 | ||
|---|---|---|---|
| 005 | 20170124102948.0 | ||
| 010 | _aA-963110 | ||
| 020 |
_c150.00 _a8185671893 |
||
| 035 | _aA-963110 | ||
| 037 | _bCen Lib/Ret | ||
| 040 |
_aDPL _bHN |
||
| 082 |
_a822.08 _bकथुरी |
||
| 100 |
_aकथूरिया, सुन्दरलाल _944529 |
||
| 245 |
_aआधुनिक हिंदी नाटक संवेदना और रंगशिल्प के नए आयाम / _cसुन्दरलाल कथूरिया |
||
| 246 |
_aAdhunik hindi natak samvedna rangshilp ke naye ayam / _bby Mahesh Kumar |
||
| 260 |
_bभावना प्रकाशन _c1998 _aदिल्ली |
||
| 270 |
_bदिल्ली _a१२६, पत्पर्गंज _e110091 |
||
| 300 |
_a160पृ. _c20सेमी(सजिल्द ) |
||
| 650 |
_aहिंदी साहित्य _x _z _950562 |
||
| 650 |
_aहिंदी नाटक _950563 |
||
| 650 |
_aHindi literature _950564 |
||
| 650 |
_a Hindi drama _950565 |
||
| 942 |
_2ddc _cHN _h822.08 _mकथुरी |
||
| 999 |
_c113087 _d113087 |
||